000 00787nam a2200229 a 4500
005 20231021063618.0
008 020121s2000 r 000 0 eng d
020 _a8478693556
035 _aUPN01000114780
049 _aCG
050 4 _aLB1049
_bY8.6
100 1 _aYuste Hernanz, Carlos
_929510
245 1 0 _aProgramas para la estimulación de las habilidades de la inteligencia :
_bestrategias y técnicas de aprendizaje /
_cCarlos Yuste Hernánz, Carlos L. Ayala Flores, Juanmi S. Quirós.
260 _aMadrid :
_bCEPE,
_c2000.
300 _a127 p. :
_bil.
440 0 _aProgresint ;
_v30
650 4 _aMétodos de estudio
_94280
650 4 _aESTRATEGIAS DE APRENDIZAJE
700 1 _aAyala Flores, Carlos L.,
_ecoaut.
700 1 _aQuirós, Juanmi S.,
_ecoaut.
905 _aLibro
999 _c88595
_d88595